[Event "British Rapidplay"]
[Site "Peterborough"]
[Date "2025.03.01"]
[Round "5.55"]
[White "De Sousa Muachikape, Jael"]
[Black "Sagues, Vincent"]
[Result "1-0"]
[WhiteElo "1855"]
[BlackElo "1936"]
[PlyCount "171"]
[EventDate "2025.03.01"]
[EventType "swiss (rapid)"]
[EventRounds "11"]
[EventCountry "ENG"]
[SourceTitle "BritBase"]
[Source "John Saunders"]
[SourceDate "2025.03.03"]
[SourceVersion "1"]
[SourceVersionDate "2025.03.03"]
[SourceQuality "2"]

1. Nf3 d5 2. g3 Nf6 3. Bg2 Bf5 4. O-O e6 5. d3 Be7 6. Nbd2 h6 7. Re1 Bh7 8. c4 c6 9. b3 O-O 10. Bb2 Nbd7 11. a3 a5 12. e4 Nc5 13. Ne5 dxe4 14. Nxe4 Ncxe4 15. dxe4 Qxd1 16. Raxd1 Rfd8 17. f3 Bc5+ 18. Kf1 Kf8 19. Ke2 Ke7 20. Nd3 Bd4 21. Bxd4 Rxd4 22. Nc5 Rxd1 23. Rxd1 b6 24. Na4 b5 25. Nb6 Rd8 26. e5 Ne8 27. f4 Rxd1 28. Kxd1 bxc4 29. Nxc4 c5 30. Nxa5 Nc7 31. a4 Nd5 32. Nc4 Nb4 33. Kd2 f6 34. a5 Kd7 35. Bb7 Kc7 36. a6 Bc2 37. Kc3 Bd1 38. Nd6 Kb6 39. Nc8+ Kc7 40. Nd6 Kb6 41. Nc8+ Kc7 42. Kc4 Be2+ 43. Kxc5 Bxa6 44. Bxa6 Nxa6+ 45. Kb5 Nb8 46. Nd6 fxe5 47. fxe5 Nc6 48. Nc4 Nd4+ 49. Ka4 Kc6 50. b4 Kd5 51. Na5 Nf3 52. b5 Kc5 53. Nb7+ Kb6 54. Nd8 Nxe5 55. Nxe6 g5 56. Nd4 h5 57. Kb4 g4 58. Ne2 Nf3 59. Nf4 h4 60. gxh4 Nxh4 61. Nd5+ Kb7 62. Ne3 g3 63. hxg3 Ng6 64. Nc4 Ne7 65. Kc5 Ng6 66. Kd5 Kc7 67. b6+ Kb7 68. Kc5 Ne7 69. Nd6+ Kb8 70. g4 Ng6 71. Nf7 Nf8 72. Kc6 Ne6 73. g5 Nf4 74. Nd6 Ng6 75. b7 Ne7+ 76. Kd7 Ng6 77. Kc6 Ne7+ 78. Kb6 Nd5+ 79. Ka6 Nc7+ 80. Ka5 Ne6 81. g6 Kc7 82. Ka6 Kb8 83. Kb6 Ng7 84. Nc4 Nf5 85. Ne5 Ne7 86. Nd7# 1-0

[Event "British Rapidplay"]
[Site "Peterborough"]
[Date "2025.03.01"]
[Round "5.57"]
[White "Mordyl, Monika"]
[Black "Naylor-Eade, Michael A"]
[Result "0-1"]
[WhiteElo "1649"]
[BlackElo "1989"]
[PlyCount "38"]
[EventDate "2025.03.01"]
[EventType "swiss (rapid)"]
[EventRounds "11"]
[EventCountry "ENG"]
[SourceTitle "BritBase"]
[Source "John Saunders"]
[SourceDate "2025.03.03"]
[SourceVersion "1"]
[SourceVersionDate "2025.03.03"]
[SourceQuality "2"]

1. d4 f5 2. Nc3 d5 3. Bf4 c6 4. e3 Nf6 5. Be5 e6 6. Bd3 Bd6 7. Bxf6 Qxf6 8. Nf3 O-O 9. Qd2 Nd7 10. O-O-O a6 11. h4 c5 12. Rdg1 c4 13. Be2 b5 14. b3 Bb4 15. Kb2 Qe7 16. Qd1 Nf6 17. Ne5 Bxc3+ 18. Kxc3 Qa3 19. Qb1 Ne4# 0-1

[Event "British Rapidplay"]
[Site "Peterborough"]
[Date "2025.03.01"]
[Round "5.58"]
[White "McCarthy, Kevin C"]
[Black "Kumar, Sachin"]
[Result "1-0"]
[WhiteElo "1944"]
[BlackElo "1735"]
[PlyCount "133"]
[EventDate "2025.03.01"]
[EventType "swiss (rapid)"]
[EventRounds "11"]
[EventCountry "ENG"]
[SourceTitle "BritBase"]
[Source "John Saunders"]
[SourceDate "2025.03.03"]
[SourceVersion "1"]
[SourceVersionDate "2025.03.03"]
[SourceQuality "2"]

1. d4 Nf6 2. Bf4 g6 3. Nc3 d5 4. Nf3 a6 5. e3 Bg7 6. Bd3 c5 7. dxc5 Qa5 8. O-O Qxc5 9. a4 O-O 10. h3 Nc6 11. Ne5 Bd7 12. Be2 Bf5 13. g4 Be6 14. Nd3 Qb6 15. Rb1 Rfd8 16. Bf3 d4 17. Ne4 Nxe4 18. Bxe4 Bd5 19. Bxd5 Rxd5 20. e4 Rd7 21. b4 Rdd8 22. Qd2 Rac8 23. b5 Na7 24. bxa6 Qxa6 25. a5 Nb5 26. Rb3 Nc3 27. Re1 Rd7 28. Ne5 Rdd8 29. Nd3 Qxa5 30. Rxb7 e6 31. Bg5 Re8 32. Bh6 Qa6 33. Rb3 Bh8 34. h4 e5 35. h5 Qe6 36. f3 Bg7 37. Bxg7 Kxg7 38. h6+ Kf8 39. Ra1 Re7 40. Kg2 Qf6 41. Rba3 Rce8 42. Ra6 Re6 43. Nc5 Rxa6 44. Nd7+ Ke7 45. Nxf6 Rxa1 46. Nxe8 Kxe8 47. Qg5 Ra5 48. Qf6 Nd1 49. Qc6+ Kf8 50. Qc8+ Ke7 51. Qc7+ Kf6 52. Qxa5 Ne3+ 53. Kh3 Nxc2 54. Qd8+ Ke6 55. Qc8+ Kf6 56. Qxc2 d3 57. Qxd3 Kg5 58. Qe3+ Kf6 59. g5+ Ke6 60. f4 f5 61. gxf6 exf4 62. Qxf4 g5 63. Qf5+ Kf7 64. e5 g4+ 65. Kg2 g3 66. e6+ Kf8 67. Qc5+ 1-0

[Event "British Rapidplay"]
[Site "Peterborough"]
[Date "2025.03.01"]
[Round "5.59"]
[White "Taylor, Robert Keith"]
[Black "Middleton, Ben"]
[Result "1-0"]
[WhiteElo "1896"]
[BlackElo "1611"]
[PlyCount "75"]
[EventDate "2025.03.01"]
[EventType "swiss (rapid)"]
[EventRounds "11"]
[EventCountry "ENG"]
[SourceTitle "BritBase"]
[Source "John Saunders"]
[SourceDate "2025.03.03"]
[SourceVersion "1"]
[SourceVersionDate "2025.03.03"]
[SourceQuality "2"]

1. e4 e6 2. d4 d5 3. Nc3 c5 4. exd5 exd5 5. dxc5 d4 6. Ne4 Bf5 7. Bb5+ Nc6 8. Bxc6+ bxc6 9. Qe2 Bxe4 10. Qxe4+ Qe7 11. Qxe7+ Bxe7 12. b4 Nf6 13. Ne2 Rd8 14. Bb2 d3 15. cxd3 Rxd3 16. Nf4 Rd7 17. Rd1 Rxd1+ 18. Kxd1 Kd7 19. Kc2 Kc7 20. Re1 Kd7 21. f3 g5 22. Nh5 Nxh5 23. Bxh8 Nf4 24. g3 Nd5 25. Bc3 f5 26. a4 a6 27. Kd3 h5 28. Kc4 f4 29. Bd2 Bf6 30. gxf4 gxf4 31. Re4 Bg5 32. b5 Ne3+ 33. Bxe3 fxe3 34. bxa6 Kc7 35. f4 Bh6 36. Rxe3 Bxf4 37. Rh3 Kb8 38. Rxh5 1-0

[Event "British Rapidplay"]
[Site "Peterborough"]
[Date "2025.03.01"]
[Round "5.60"]
[White "Burton, Sean"]
[Black "Fairhurst, Frederick"]
[Result "0-1"]
[WhiteElo "1806"]
[BlackElo "1798"]
[PlyCount "56"]
[EventDate "2025.03.01"]
[EventType "swiss (rapid)"]
[EventRounds "11"]
[EventCountry "ENG"]
[SourceTitle "BritBase"]
[Source "John Saunders"]
[SourceDate "2025.03.03"]
[SourceVersion "1"]
[SourceVersionDate "2025.03.03"]
[SourceQuality "2"]

1. e4 e5 2. Nf3 Nc6 3. Bc4 Nf6 4. d3 d6 5. O-O h6 6. c3 g5 7. Re1 Bg7 8. Nbd2 g4 9. Nh4 Nxe4 10. Nxe4 Qxh4 11. d4 O-O 12. d5 Ne7 13. g3 Qh5 14. Bb3 Kh8 15. Qd3 f5 16. Nd2 Qg6 17. Bc2 h5 18. Nf1 h4 19. Ne3 Qh5 20. Ng2 h3 21. Nf4 Qf7 22. Qe2 Nxd5 23. Bb3 Nxf4 24. gxf4 Be6 25. Bc2 Bd5 26. Be3 Rae8 27. Qb5 Bc6 28. Qb4 Qd5 0-1

[Event "British Rapidplay"]
[Site "Peterborough"]
[Date "2025.03.01"]
[Round "5.61"]
[White "Davis, Joshua"]
[Black "Lapidus, Alexey M"]
[Result "0-1"]
[WhiteElo "1716"]
[BlackElo "1937"]
[PlyCount "48"]
[EventDate "2025.03.01"]
[EventType "swiss (rapid)"]
[EventRounds "11"]
[EventCountry "ENG"]
[SourceTitle "BritBase"]
[Source "John Saunders"]
[SourceDate "2025.03.03"]
[SourceVersion "1"]
[SourceVersionDate "2025.03.03"]
[SourceQuality "2"]

1. d4 Nf6 2. c4 e6 3. Bf4 d5 4. Bg3 Bb4+ 5. Nd2 dxc4 6. a3 Bxd2+ 7. Qxd2 c5 8. Nf3 O-O 9. e3 Nc6 10. Bxc4 Ne4 11. Qd3 Qa5+ 12. b4 Nxb4 13. Qxe4 Nc2+ 14. Ke2 Nxa1 15. Rxa1 Qc3 16. Bd3 f5 17. Qh4 Qb2+ 18. Bc2 Qxa1 19. Bd6 Bd7 20. Bxf8 Bb5+ 21. Kd2 Rxf8 22. Qe7 c4 23. Qxe6+ Kh8 24. Ne5 c3# 0-1

[Event "British Rapidplay"]
[Site "Peterborough"]
[Date "2025.03.01"]
[Round "5.62"]
[White "Keerthi Kumar, Advait"]
[Black "Bahtiyorova, Nodirabegim"]
[Result "1-0"]
[WhiteElo "1823"]
[BlackElo "1761"]
[PlyCount "95"]
[EventDate "2025.03.01"]
[EventType "swiss (rapid)"]
[EventRounds "11"]
[EventCountry "ENG"]
[SourceTitle "BritBase"]
[Source "John Saunders"]
[SourceDate "2025.03.03"]
[SourceVersion "1"]
[SourceVersionDate "2025.03.03"]
[SourceQuality "2"]

1. e4 c5 2. Nf3 d6 3. d4 cxd4 4. Nxd4 Nf6 5. f3 a6 6. c4 Nbd7 7. Nc3 Qc7 8. Be3 e5 9. Nc2 Rb8 10. Be2 Be7 11. O-O Nb6 12. b3 Be6 13. Rc1 Nbd7 14. Nb4 Qa5 15. Nbd5 Bxd5 16. cxd5 O-O 17. Qd2 Rfc8 18. Rfd1 Nc5 19. Qb2 Qd8 20. b4 Ncd7 21. a4 a5 22. Nb5 Ne8 23. Bf1 Ra8 24. Na7 Rxc1 25. Rxc1 Nb6 26. bxa5 Nxa4 27. Qxb7 Rb8 28. Qa6 Bg5 29. Qe2 Bxe3+ 30. Qxe3 Qxa5 31. Nc6 Qb6 32. Qxb6 Rxb6 33. Ra1 Nc5 34. Ra8 Kf8 35. Na5 Rb1 36. Nc4 Ke7 37. Rc8 Kd7 38. Nxd6 Nxd6 39. Rxc5 g6 40. Ra5 f5 41. Ra7+ Nb7 42. Kf2 Kd6 43. Ra6+ Kc7 44. Re6 Rb2+ 45. Kg1 fxe4 46. fxe4 Nc5 47. Rc6+ Kd7 48. Rxc5 1-0

[Event "British Rapidplay"]
[Site "Peterborough"]
[Date "2025.03.01"]
[Round "5.63"]
[White "Calvert, George"]
[Black "Bin-Suhayl, Yousuf"]
[Result "1/2-1/2"]
[WhiteElo "1740"]
[BlackElo "1897"]
[PlyCount "184"]
[EventDate "2025.03.01"]
[EventType "swiss (rapid)"]
[EventRounds "11"]
[EventCountry "ENG"]
[SourceTitle "BritBase"]
[Source "John Saunders"]
[SourceDate "2025.03.03"]
[SourceVersion "1"]
[SourceVersionDate "2025.03.03"]
[SourceQuality "2"]

1. e4 e6 2. d4 d5 3. exd5 exd5 4. c4 Nf6 5. Nf3 Bg4 6. Nc3 Be7 7. Be2 Be6 8. O-O O-O 9. Ng5 c5 10. Bf3 cxd4 11. Qxd4 Nc6 12. Qh4 d4 13. Nce4 Bf5 14. Qg3 h6 15. Nxf6+ Bxf6 16. Ne4 Be5 17. Bf4 Bxf4 18. Qxf4 Be6 19. Nc5 Qb6 20. Bxc6 Qxc5 21. Bxb7 Rab8 22. b4 Qxc4 23. Bf3 Rxb4 24. a3 Rb3 25. Rac1 Qa4 26. Bd1 Qxa3 27. Bxb3 Qxb3 28. Qxd4 a6 29. Rc3 Qb7 30. Rg3 g6 31. Qh4 Kg7 32. f4 Bc4 33. Rc1 Qb6+ 34. Kh1 Qb2 35. Rgc3 Be6 36. R3c2 Qb4 37. Qg3 Kh7 38. Rc7 Qd2 39. Qa3 Rd8 40. Qxa6 Qxf4 41. Qf1 Qxf1+ 42. Rxf1 Kg7 43. h3 Rd2 44. Kh2 Bd5 45. Rg1 Rb2 46. Rd7 Be6 47. Rdd1 g5 48. Rb1 Rc2 49. Rbe1 Kg6 50. Re3 Bd5 51. Re5 Bb7 52. Rb5 Be4 53. Rb3 h5 54. Re3 Bb7 55. h4 gxh4 56. Kh3 Kg5 57. g4 Bc8 58. Re5+ Kg6 59. Rxh5 Bxg4+ 60. Rxg4+ Kxh5 61. Rxh4+ Kg5 62. Rg4+ Kf5 63. Rg1 Rc3+ 64. Kg2 Ke4 65. Re1+ Re3 66. Ra1 f5 67. Ra4+ Ke5 68. Ra5+ Kf4 69. Kf2 Rf3+ 70. Kg2 Kg4 71. Ra4+ Rf4 72. Ra3 Rb4 73. Rg3+ Kf4 74. Rf3+ Ke4 75. Rf2 Rb3 76. Re2+ Re3 77. Ra2 f4 78. Kf2 Rb3 79. Re2+ Kf5 80. Re8 Rb2+ 81. Kf3 Rb3+ 82. Kf2 Rg3 83. Rf8+ Ke4 84. Re8+ Kd3 85. Rd8+ Ke4 86. Re8+ Kf5 87. Rf8+ Kg4 88. Rg8+ Kh3 89. Rh8+ Kg4 90. Rg8+ Kh4 91. Rh8+ Kg5 92. Rg8+ Kh4 1/2-1/2

[Event "British Rapidplay"]
[Site "Peterborough"]
[Date "2025.03.01"]
[Round "5.64"]
[White "Bellano, Harry"]
[Black "Patel, Keatan"]
[Result "1-0"]
[WhiteElo "1654"]
[BlackElo "1985"]
[PlyCount "81"]
[EventDate "2025.03.01"]
[EventType "swiss (rapid)"]
[EventRounds "11"]
[EventCountry "ENG"]
[SourceTitle "BritBase"]
[Source "John Saunders"]
[SourceDate "2025.03.03"]
[SourceVersion "1"]
[SourceVersionDate "2025.03.03"]
[SourceQuality "2"]

1. e4 c6 2. d4 d5 3. f3 e6 4. Nc3 Bb4 5. a3 Bxc3+ 6. bxc3 dxe4 7. fxe4 Qh4+ 8. Ke2 Qxe4+ 9. Kf2 Nf6 10. h3 Qf5+ 11. Nf3 Ne4+ 12. Kg1 Nxc3 13. Qe1 Nd5 14. Bd3 Qf6 15. Bg5 Nd7 16. Bxf6 N7xf6 17. c4 Nf4 18. Bf1 Bd7 19. Qb4 a5 20. Qd6 Ng6 21. Bd3 O-O-O 22. Bxg6 hxg6 23. Qc5 Ne4 24. Qb6 Kb8 25. Rb1 Bc8 26. Qxc6 Nc3 27. Rb3 a4 28. Rb4 Rh5 29. Qb6 Rd7 30. g4 Rh8 31. Ne5 Rc7 32. Nc6+ Rxc6 33. Qxc6 Rd8 34. Qb6 Rxd4 35. Kg2 Rd2+ 36. Kg3 g5 37. Qe3 Rc2 38. Qd3 Ne2+ 39. Kf3 Ra2 40. Qd6+ Ka7 41. Rxa4# 1-0

[Event "British Rapidplay"]
[Site "Peterborough"]
[Date "2025.03.01"]
[Round "5.65"]
[White "Brocklehurst, Andrew"]
[Black "Watkinson, Phil K"]
[Result "1-0"]
[WhiteElo "1856"]
[BlackElo "1775"]
[PlyCount "75"]
[EventDate "2025.03.01"]
[EventType "swiss (rapid)"]
[EventRounds "11"]
[EventCountry "ENG"]
[SourceTitle "BritBase"]
[Source "John Saunders"]
[SourceDate "2025.03.03"]
[SourceVersion "1"]
[SourceVersionDate "2025.03.03"]
[SourceQuality "2"]

1. e4 e5 2. Nf3 Nc6 3. Bb5 f5 4. Bxc6 dxc6 5. d4 exd4 6. Qxd4 Qxd4 7. Nxd4 fxe4 8. O-O Bc5 9. Nb3 Bb6 10. Nc3 Bf5 11. Bg5 Nf6 12. Rae1 O-O 13. Bxf6 Rxf6 14. Nxe4 Re6 15. Nec5 Rxe1 16. Rxe1 Bxc2 17. Re2 Rd8 18. g3 Bxb3 19. Nxb3 a5 20. Kg2 a4 21. Nd2 Ba7 22. Nf3 b5 23. Re7 Bb6 24. Ng5 Kf8 25. Rf7+ Kg8 26. Re7 Kf8 27. Re2 Kg8 28. h4 h6 29. Nf3 c5 30. g4 Kf7 31. Ne5+ Kf6 32. f4 Rd4 33. Kf3 b4 34. g5+ Kf5 35. Nc6 Rxf4+ 36. Kg3 hxg5 37. Re5+ Kf6 38. hxg5+ 1-0

[Event "British Rapidplay"]
[Site "Peterborough"]
[Date "2025.03.01"]
[Round "5.67"]
[White "Mylovanov, Volodymyr"]
[Black "Beswick, Andrew"]
[Result "1-0"]
[WhiteElo "1821"]
[BlackElo "1560"]
[PlyCount "49"]
[EventDate "2025.03.01"]
[EventType "swiss (rapid)"]
[EventRounds "11"]
[EventCountry "ENG"]
[SourceTitle "BritBase"]
[Source "John Saunders"]
[SourceDate "2025.03.03"]
[SourceVersion "1"]
[SourceVersionDate "2025.03.03"]
[SourceQuality "2"]

1. c4 Nf6 2. g3 d5 3. cxd5 Nxd5 4. Bg2 c5 5. Nc3 Nc7 6. Nf3 Nc6 7. O-O e5 8. d3 Be7 9. Be3 b6 10. Qa4 Bd7 11. h4 O-O 12. Bg5 h6 13. Bxe7 Qxe7 14. Rfe1 Nd4 15. Qd1 Rad8 16. e3 Nxf3+ 17. Qxf3 Bc8 18. Rad1 Ba6 19. d4 cxd4 20. exd4 f6 21. d5 Nb5 22. Nxb5 Bxb5 23. Qb3 Bd7 24. d6+ Qf7 25. Bd5 1-0

[Event "British Rapidplay"]
[Site "Peterborough"]
[Date "2025.03.01"]
[Round "5.68"]
[White "Bakhtiyarov, Kamronbek"]
[Black "Ward, Andrew"]
[Result "1-0"]
[WhiteElo "1676"]
[BlackElo "1894"]
[PlyCount "113"]
[EventDate "2025.03.01"]
[EventType "swiss (rapid)"]
[EventRounds "11"]
[EventCountry "ENG"]
[SourceTitle "BritBase"]
[Source "John Saunders"]
[SourceDate "2025.03.03"]
[SourceVersion "1"]
[SourceVersionDate "2025.03.03"]
[SourceQuality "2"]

1. e4 e5 2. Nf3 Nc6 3. Bc4 Nf6 4. Ng5 d5 5. exd5 Na5 6. Bb5+ c6 7. dxc6 bxc6 8. Bd3 Nd5 9. Ne4 Nf4 10. O-O Nxd3 11. cxd3 Qxd3 12. Nbc3 Bd7 13. Qa4 Nb7 14. Re1 c5 15. Qb3 Na5 16. Qd5 Qxd5 17. Nxd5 Rc8 18. f4 Be6 19. Nec3 exf4 20. Nxf4 Kd7 21. Nxe6 fxe6 22. b3 Nc6 23. Ba3 Nd4 24. Rac1 Be7 25. Ne4 c4 26. Bxe7 Kxe7 27. bxc4 Rc7 28. c5 Rd8 29. Rc4 Nf5 30. Ng5 Rc6 31. g4 Nd4 32. Re4 h6 33. Rexd4 Rxd4 34. Rxd4 hxg5 35. Rc4 e5 36. Kf2 Ke6 37. Ke3 Kd5 38. Rc3 Rh6 39. Rd3+ Kxc5 40. Ke4 Rxh2 41. Kxe5 Rf2 42. Rd7 a5 43. d4+ Kc6 44. Rxg7 Rxa2 45. d5+ Kc5 46. Rc7+ Kb6 47. Rc6+ Kb5 48. Rc8 Re2+ 49. Kf5 Rd2 50. Rd8 Kc5 51. Rc8+ Kd6 52. Kxg5 Rxd5+ 53. Kg6 Ke5 54. g5 Kf4 55. Rc4+ Ke5 56. Kh6 Kf5 57. g6 1-0

[Event "British Rapidplay"]
[Site "Peterborough"]
[Date "2025.03.01"]
[Round "5.72"]
[White "Barton, Ben"]
[Black "Walker, Martin Graham"]
[Result "0-1"]
[WhiteElo "1857"]
[BlackElo "2091"]
[PlyCount "122"]
[EventDate "2025.03.01"]
[EventType "swiss (rapid)"]
[EventRounds "11"]
[EventCountry "ENG"]
[SourceTitle "BritBase"]
[Source "John Saunders"]
[SourceDate "2025.03.03"]
[SourceVersion "1"]
[SourceVersionDate "2025.03.03"]
[SourceQuality "2"]

1. e4 Nf6 2. e5 Nd5 3. d4 d6 4. c4 Nb6 5. f4 dxe5 6. fxe5 Nc6 7. Nf3 Bg4 8. Be3 Bxf3 9. Qxf3 Nxd4 10. Bxd4 Qxd4 11. Qxb7 Qxb2 12. Qc6+ Kd8 13. Be2 e6 14. c5 Qb4+ 15. Nd2 Qxc5 16. Bb5 Qxc6 17. Bxc6 Rb8 18. Rd1 Bb4 19. O-O Ke7 20. Ne4 h6 21. Rb1 Nc4 22. Rfd1 Nxe5 23. Ba4 Bd6 24. Rbc1 Rhc8 25. Rc2 f5 26. Nc5 Rb4 27. Bb3 Bxc5+ 28. Rxc5 Kf6 29. Re1 Rxb3 30. Rcxe5 Rb6 31. Ra5 a6 32. h3 Rd8 33. Rc1 Rd2 34. Ra3 Rbb2 35. Rxa6 Rxg2+ 36. Kf1 Rbf2+ 37. Ke1 Rxa2 38. Rxa2 Rxa2 39. Rxc7 Ra3 40. h4 Ra4 41. h5 Rh4 42. Kf2 Rxh5 43. Kg3 Rg5+ 44. Kf4 e5+ 45. Kf3 e4+ 46. Kf4 Rg4+ 47. Ke3 h5 48. Rc6+ Kg5 49. Rc7 g6 50. Kf2 h4 51. Rh7 f4 52. Ke2 Rg2+ 53. Kf1 f3 54. Rh8 e3 55. Re8 e2+ 56. Ke1 Rg1+ 57. Kd2 Rd1+ 58. Ke3 e1=Q+ 59. Kxf3 Qxe8 60. Kg2 Qe3 61. Kh2 Qg3# 0-1

[Event "British Rapidplay"]
[Site "Peterborough"]
[Date "2025.03.01"]
[Round "5.74"]
[White "Sanitt, Ethan"]
[Black "Sriram, Gautam"]
[Result "1-0"]
[WhiteElo "2102"]
[BlackElo "1597"]
[PlyCount "89"]
[EventDate "2025.03.01"]
[EventType "swiss (rapid)"]
[EventRounds "11"]
[EventCountry "ENG"]
[SourceTitle "BritBase"]
[Source "John Saunders"]
[SourceDate "2025.03.03"]
[SourceVersion "1"]
[SourceVersionDate "2025.03.03"]
[SourceQuality "2"]

1. c4 Nf6 2. g3 e6 3. Bg2 Be7 4. Nf3 d5 5. O-O O-O 6. b3 Nbd7 7. Nc3 c6 8. d3 b6 9. e4 Bb7 10. Bb2 Rc8 11. h3 dxe4 12. dxe4 c5 13. Qc2 Qc7 14. Rad1 Rfd8 15. Rd2 a6 16. Rfd1 Nb8 17. Ne1 Nc6 18. Nd3 Nd4 19. Qb1 Nc6 20. Ne2 Nd7 21. f4 b5 22. cxb5 axb5 23. Kh2 Nb6 24. Ne5 Bd6 25. Ng4 Be7 26. Ba1 Nd7 27. Nc3 Nf6 28. Nxf6+ Bxf6 29. Nxb5 Qe7 30. Nd6 Ra8 31. e5 Nd4 32. Nxb7 Bxe5 33. fxe5 Rd7 34. Bxd4 cxd4 35. Rxd4 Rxb7 36. Bxb7 Rb8 37. Rd7 Qg5 38. h4 Qxh4+ 39. gxh4 Kf8 40. Qd3 g6 41. Qd6+ Kg7 42. Qxb8 h5 43. Qe8 g5 44. Qxf7+ Kh6 45. Qg7# 1-0

[Event "British Rapidplay"]
[Site "Peterborough"]
[Date "2025.03.01"]
[Round "5.76"]
[White "Ben-Eshak, Djad"]
[Black "Pyda, Arjun"]
[Result "0-1"]
[WhiteElo "1597"]
[BlackElo "1819"]
[PlyCount "122"]
[EventDate "2025.03.01"]
[EventType "swiss (rapid)"]
[EventRounds "11"]
[EventCountry "ENG"]
[SourceTitle "BritBase"]
[Source "John Saunders"]
[SourceDate "2025.03.03"]
[SourceVersion "1"]
[SourceVersionDate "2025.03.03"]
[SourceQuality "2"]

1. e4 c5 2. c3 d5 3. exd5 Qxd5 4. d4 Nf6 5. Nf3 Nc6 6. Be2 e6 7. Be3 cxd4 8. Bxd4 Be7 9. O-O O-O 10. Bxf6 Qxd1 11. Rxd1 Bxf6 12. Nbd2 e5 13. Ne4 Be7 14. Bb5 f6 15. h3 Be6 16. Bxc6 bxc6 17. b3 Rfd8 18. c4 Bf5 19. Ng3 Bc2 20. Rxd8+ Rxd8 21. Rc1 Bg6 22. Kf1 Bd3+ 23. Kg1 Bg6 24. Kf1 Bb4 25. Kg1 Kf7 26. Nf1 Ke6 27. Ne3 Be4 28. Rd1 Rb8 29. Nh2 a5 30. Nhf1 Ra8 31. g4 Bf3 32. Rc1 Be4 33. Ng3 Bf3 34. c5 g6 35. Nc2 Bxc5 36. Ne1 Ba3 37. Rc2 Bd5 38. Nd3 Rd8 39. Nc5+ Bxc5 40. Rxc5 Ra8 41. Ne2 Kd6 42. Rc2 a4 43. b4 a3 44. Nc3 f5 45. gxf5 gxf5 46. Kf1 Rb8 47. Nxd5 cxd5 48. Rc3 Ra8 49. b5 d4 50. Rc1 Rb8 51. Rc6+ Kd5 52. Ra6 Rxb5 53. Rxa3 Ke4 54. Ke2 Rb2+ 55. Ke1 d3 56. f3+ Ke3 57. Kf1 Rb1+ 58. Kg2 Ke2 59. Ra5 e4 60. fxe4 fxe4 61. Re5 e3 0-1

[Event "British Rapidplay"]
[Site "Peterborough"]
[Date "2025.03.01"]
[Round "5.78"]
[White "Boganadham, Ved Sudeep"]
[Black "Kairat, Alexander"]
[Result "1-0"]
[WhiteElo "1649"]
[BlackElo "1656"]
[PlyCount "127"]
[EventDate "2025.03.01"]
[EventType "swiss (rapid)"]
[EventRounds "11"]
[EventCountry "ENG"]
[SourceTitle "BritBase"]
[Source "John Saunders"]
[SourceDate "2025.03.03"]
[SourceVersion "1"]
[SourceVersionDate "2025.03.03"]
[SourceQuality "2"]

1. e4 c5 2. c3 Nc6 3. d4 cxd4 4. cxd4 Nf6 5. e5 Nd5 6. Nc3 e6 7. Nf3 d6 8. Nxd5 exd5 9. Be2 Be7 10. exd6 Bxd6 11. O-O O-O 12. Bd3 h6 13. Re1 Bg4 14. Be3 Bb4 15. Rf1 Qf6 16. Be2 Ba5 17. h3 Bh5 18. Qb3 Bb6 19. Qxd5 Rad8 20. Qxh5 Rfe8 21. Qh4 Nxd4 22. Bxd4 Qxh4 23. Nxh4 Rxd4 24. Nf5 Rxe2 25. Nxd4 Bxd4 26. Rab1 b6 27. Rbd1 Bc5 28. Rd8+ Kh7 29. Rd7 a5 30. Rxf7 Rxb2 31. a4 Kg6 32. Rf4 Kh7 33. Rc1 g5 34. Rf3 Rb4 35. Ra1 Bd4 36. Ra2 Kg6 37. g4 Bc5 38. Kg2 h5 39. gxh5+ Kxh5 40. Rg3 Rf4 41. Rg4 Rxg4+ 42. hxg4+ Kxg4 43. Rd2 Kf4 44. f3 g4 45. fxg4 Kxg4 46. Kf1 Kf3 47. Rd3+ Ke4 48. Ke2 Bd4 49. Rh3 Bc5 50. Rh4+ Kd5 51. Kd3 Kd6 52. Kc4 Kc6 53. Rh6+ Kc7 54. Kb5 Kb7 55. Rh7+ Kb8 56. Kc6 Bd4 57. Rd7 Bc5 58. Rd8+ Ka7 59. Kc7 b5 60. Rd7 Bb6+ 61. Kc6+ Kb8 62. Kxb6 Kc8 63. Rd5 bxa4 64. Rxa5 1-0

[Event "British Rapidplay"]
[Site "Peterborough"]
[Date "2025.03.01"]
[Round "5.80"]
[White "Nilim, Armaan"]
[Black "Van Neerven, Yvon"]
[Result "1-0"]
[WhiteElo "1848"]
[BlackElo "1528"]
[PlyCount "45"]
[EventDate "2025.03.01"]
[EventType "swiss (rapid)"]
[EventRounds "11"]
[EventCountry "ENG"]
[SourceTitle "BritBase"]
[Source "John Saunders"]
[SourceDate "2025.03.03"]
[SourceVersion "1"]
[SourceVersionDate "2025.03.03"]
[SourceQuality "2"]

1. d4 Nf6 2. Nc3 g6 3. e4 d6 4. Bg5 Bg7 5. e5 dxe5 6. dxe5 Qxd1+ 7. Rxd1 Ng4 8. Nd5 Bxe5 9. Nf3 Bd6 10. Bxe7 Kd7 11. Bxd6 cxd6 12. h3 Nh6 13. Bb5+ Kd8 14. O-O Bd7 15. Nc3 a6 16. Bxd7 Nxd7 17. Rxd6 Kc7 18. Rfd1 Nc5 19. b4 Ne6 20. Rd7+ Kb6 21. R1d6+ Ka7 22. b5 Nc5 23. b6+ 1-0

[Event "British Rapidplay"]
[Site "Peterborough"]
[Date "2025.03.01"]
[Round "6.1"]
[White "Gormally, Daniel W"]
[Black "Maroroa Jones, Gawain C B"]
[Result "1/2-1/2"]
[WhiteElo "2428"]
[BlackElo "2654"]
[PlyCount "60"]
[EventDate "2025.03.01"]
[EventType "swiss (rapid)"]
[EventRounds "11"]
[EventCountry "ENG"]
[SourceTitle "BritBase"]
[Source "John Saunders"]
[SourceDate "2025.03.03"]
[SourceVersion "1"]
[SourceVersionDate "2025.03.03"]
[SourceQuality "2"]

1. e4 e5 2. Nf3 Nc6 3. Bb5 a6 4. Ba4 Nf6 5. O-O d6 6. Bxc6+ bxc6 7. d4 exd4 8. Nxd4 c5 9. Ne2 Be7 10. Nbc3 O-O 11. Ng3 Re8 12. Bf4 Rb8 13. b3 Bg4 14. Qd2 Nh5 15. Nxh5 Bxh5 16. Nd5 Bf8 17. f3 c6 18. Ne3 Rb7 19. Rad1 Rd7 20. c4 f6 21. Qf2 Bf7 22. Rd3 g6 23. Rfd1 Re6 24. h4 h5 25. Qg3 Kh7 26. Qf2 Be7 27. Bg3 Qf8 28. Qd2 Qd8 29. Qf2 Qf8 30. Qd2 Qd8 1/2-1/2

[Event "British Rapidplay"]
[Site "Peterborough"]
[Date "2025.03.01"]
[Round "6.2"]
[White "Ghasi, Ameet K"]
[Black "Bowcott-Terry, Finlay"]
[Result "1-0"]
[WhiteElo "2505"]
[BlackElo "2202"]
[PlyCount "48"]
[EventDate "2025.03.01"]
[EventType "swiss (rapid)"]
[EventRounds "11"]
[EventCountry "ENG"]
[SourceTitle "BritBase"]
[Source "John Saunders"]
[SourceDate "2025.03.03"]
[SourceVersion "1"]
[SourceVersionDate "2025.03.03"]
[SourceQuality "2"]

1. Nf3 b5 2. d4 Bb7 3. Bg5 g6 4. Nbd2 Bg7 5. e4 a6 6. a4 b4 7. Bd3 c5 8. c3 cxd4 9. cxd4 Nc6 10. d5 Nd4 11. Nxd4 Bxd4 12. Qb3 a5 13. O-O h6 14. Bh4 Nf6 15. Nf3 Bb6 16. Rfe1 g5 17. Bg3 g4 18. Ne5 Nh5 19. Bh4 Qb8 20. Nxd7 Kxd7 21. Bb5+ Kd8 22. d6 f6 23. Rad1 exd6 24. Qe6 Rh7 1-0